Introduction to engineering drawing : (Record no. 169846)

MARC details
000 -LEADER
fixed length control field 00935nam a2200241 4500
001 - CONTROL NUMBER
control field vtls000798860
003 - CONTROL NUMBER IDENTIFIER
control field MY-SjTCS
005 - DATE AND TIME OF LATEST TRANSACTION
control field 20200226120738.0
008 - FIXED-LENGTH DATA ELEMENTS--GENERAL INFORMATION
fixed length control field 110218s1993 00 eng
020 ## - INTERNATIONAL STANDARD BOOK NUMBER
International Standard Book Number 0134808495 (pbk)
039 #9 - LEVEL OF BIBLIOGRAPHIC CONTROL AND CODING DETAIL [OBSOLETE]
Level of rules in bibliographic description 201102181252
Level of effort used to assign nonsubject heading access points VLOAD
Level of effort used to assign subject headings 200412071549
Level of effort used to assign classification chon ling
Level of effort used to assign subject headings 200411251535
Level of effort used to assign classification ramlah
Level of effort used to assign subject headings 200411051432
Level of effort used to assign classification ramlah
-- 200407271834
-- VLOAD
082 04 - DEWEY DECIMAL CLASSIFICATION NUMBER
Classification number 604.2
Item number LUZ
100 1# - MAIN ENTRY--PERSONAL NAME
Personal name Luzadder , Warren J.
9 (RLIN) 4083
245 10 - TITLE STATEMENT
Title Introduction to engineering drawing :
Remainder of title the foundations of engineering design and computer - aided drafting /
Statement of responsibility, etc. Warren J. Luzadder , Jon M. Duff
250 ## - EDITION STATEMENT
Edition statement 2nd ed.
260 ## - PUBLICATION, DISTRIBUTION, ETC.
Place of publication, distribution, etc. Englewood Cliffs , N.J. :
Name of publisher, distributor, etc. Prentice Hall ,
Date of publication, distribution, etc. c1993
300 ## - PHYSICAL DESCRIPTION
Extent xi , [251] p. ;
Dimensions 28cm .
650 #0 - SUBJECT ADDED ENTRY--TOPICAL TERM
Topical term or geographic name entry element Computer graphics
650 #0 - SUBJECT ADDED ENTRY--TOPICAL TERM
Topical term or geographic name entry element Engineering graphics
9 (RLIN) 3362
650 #0 - SUBJECT ADDED ENTRY--TOPICAL TERM
Topical term or geographic name entry element Mechanical drawing
700 1# - ADDED ENTRY--PERSONAL NAME
Personal name Duff, Jon M.,
Dates associated with a name 1948-
Relator term ( j.a.)
920 ## - Programme
Programme ADP : 90839, 90840, 90841, 90842, 90925, 90926, 96697
Holdings
Withdrawn status Lost status Source of classification or shelving scheme Damaged status Not for loan Home library Current library Date acquired Total Checkouts Barcode Date last seen Date last checked out Copy number Uniform Resource Identifier Koha item type Public note
Withdrawn   Dewey Decimal Classification     Taylor's Library-TU Taylor's Library-TU 04/11/2004 4 5000004847 12/12/2019 05/10/2017 1 Floor 4, Shelf 16 , Side 2, TierNo 4, BayNo 8 Main Collection SLASx,05000,03,CL
Withdrawn   Dewey Decimal Classification     Taylor's Library-TU Taylor's Library-TU 27/07/2004 1 1000025263 12/12/2019 02/08/2006 1   Main Collection SLASx,05000,03,CL
Withdrawn   Dewey Decimal Classification     Taylor's Library-TU Taylor's Library-TU 27/07/2004 1 1000005964 12/12/2019 06/10/2006 1   Main Collection SLASx,05000,03,CL
    Dewey Decimal Classification     Taylor's Library-TU Taylor's Library-TU 27/07/2004 4 5000004834 12/12/2019 13/04/2015 1 Floor 4, Shelf 16 , Side 2, TierNo 4, BayNo 8 Main Collection SLASx,05000,03,CL